|
|
|
|
| LEADER |
00000cam a2200000 a 4500 |
| 001 |
004095 |
| 003 |
UAHC_CL |
| 005 |
20260428170027.0 |
| 008 |
010822b2000 sp g 000 spa |
| 020 |
|
|
|a 8420686638
|
| 040 |
|
|
|a UAHC_CL
|c UAHC_CL
|d UAHC_CL
|
| 082 |
0 |
4 |
|a 303.37 G212
|
| 100 |
1 |
|
|a García Ferrando, Manuel
|
| 245 |
1 |
3 |
|a El análisis de la realidad social :
|b métodos y técnicas de investigación.
|
| 250 |
|
|
|a Tercera edición
|
| 264 |
|
|
|a Madrid :
|b Alianza,
|c 2000.
|
| 300 |
|
|
|a 682 páginas
|
| 520 |
|
|
|a El presente libro ofrece una visión de las diferentes perspectivas de investigación social más utilizadas con el propósito de que el estudiante y el estudioso de las ciencias sociales encuentren en él una introducción rigurosa, precisa y crítica a los procedimientos de investigación. Al ir más allá de la dicotomía entre lo cuantitativo y lo cualitativo, permite situar los problemas con toda su profundidad y acceder al mayor número de dimensiones de la siempre compleja realidad social. Esta nueva edición ha sido revisada, ampliada y actualizada con la incorporación de nuevos colaboradores y temas.
|
| 650 |
|
0 |
|a Metodología
|9 11861
|
| 650 |
|
0 |
|a Ciencias sociales
|9 11568
|
| 650 |
|
0 |
|a Ciencias políticas
|9 41
|
| 700 |
1 |
|
|a Alvira, Francisco
|
| 700 |
1 |
|
|a Ibáñez, Jesús
|
| 900 |
|
|
|a 303.37 GARA
|
| 942 |
|
|
|c BK
|2 ddc
|
| 952 |
|
|
|0 0
|1 0
|4 0
|6 303_370000000000000_GARA
|7 0
|8 COMP
|9 9209
|a BC
|b BC
|c Reserva
|d 2017-08-03
|l 2
|m 1
|o 303.37 GARA
|p 1326127
|r 2025-11-25 00:00:00
|s 2020-01-24
|t 1
|w 2017-08-03
|y BK
|z También lo encuentras en bibliografías.
|
| 952 |
|
|
|0 0
|1 0
|2 ddc
|4 0
|6 303_370000000000000_GARA
|7 0
|8 COMP
|9 9210
|a BC
|b BC
|c Reserva
|d 2017-08-03
|l 5
|m 4
|o 303.37 GARA
|p 1326128
|r 2025-11-25 00:00:00
|s 2019-04-15
|t 2
|w 2017-08-03
|x Rayado con lápiz mina. RLC.
|y BK
|z También lo encuentras en bibliografías.
|
| 952 |
|
|
|0 0
|1 0
|4 0
|6 303_370000000000000_GARA
|7 0
|8 COMP
|9 9211
|a BC
|b BC
|c Reserva
|d 2017-08-03
|l 0
|o 303.37 GARA
|p 1352189
|q 2017-06-28
|r 2017-08-03 00:00:00
|t 3
|w 2017-08-03
|y BK
|z También lo encuentras en bibliografías.
|
| 952 |
|
|
|0 0
|1 0
|4 0
|6 303_370000000000000_GARA
|7 0
|8 COMP
|9 9212
|a BR
|b BR
|c General
|d 2017-08-03
|l 5
|m 11
|o 303.37 GARA
|p 1400904
|r 2026-01-14 00:00:00
|s 2019-01-21
|t 4
|w 2017-08-03
|y BK
|z También lo encuentras en bibliografías.
|
| 999 |
|
|
|c 4095
|d 4095
|